Морозные вопросы; Нефть России; № 4

Bibliografische gegevens
Parent link:Нефть России: аналитический журнал.— , 1996, 1999-2012
№ 4.— 2003.— С. 84-85
Hoofdauteur: Великанов Ю. Юрий
Andere auteurs: Павлов А. Александр
Taal:Russisch
Gepubliceerd in: 2003
Reeks:Экология
Onderwerpen:
Formaat: Hoofdstuk
KOHA link:https://koha.lib.tpu.ru/cgi-bin/koha/opac-detail.pl?biblionumber=385885

MARC

LEADER 00000naa2a2200000 4500
001 385885
005 20231101063417.0
035 |a (RuTPU)RU\TPU\prd\14110 
090 |a 385885 
100 |a 20030522a2003 k y0rusy50 ca 
101 0 |a rus 
102 |a RU 
200 1 |a Морозные вопросы  |f Ю. Великанов, А. Павлов 
225 1 |a Экология 
461 1 |0 (RuTPU)RU\TPU\prd\1610  |t Нефть России  |o аналитический журнал  |d 1996, 1999-2012 
463 1 |0 (RuTPU)RU\TPU\prd\13378  |t № 4  |v С. 84-85  |d 2003 
610 1 |a нефтегазодобыча 
610 1 |a мерзлота 
610 1 |a экологические проблемы 
610 1 |a энергетический потенциал 
610 1 |a северные регионы 
610 1 |a технологическая нагрузка 
610 1 |a инфраструктура 
610 1 |a криолитозона 
700 1 |a Великанов  |b Ю.  |g Юрий 
701 1 |a Павлов  |b А.  |g Александр 
801 1 |a RU  |b 63413507  |c 20030522  |g PSBO 
801 2 |a RU  |b 63413507  |c 20130802  |g RCR 
942 |c BK